[Event "Landesliga Sued 1920"]
[Site "Bayern"]
[Date "2019.11.24"]
[Round "3.5"]
[White "Petzelberger, Ferdinand"]
[Black "Wagner, Hans1111"]
[Result "0-1"]
[WhiteElo "2101"]
[BlackElo "2077"]
[PlyCount "122"]
[EventDate "2019.09.29"]
[EventType "team-tourn"]
[EventRounds "9"]
[EventCountry "GER"]
[SourceTitle "EXT 2021"]
[Source "ChessBase"]
[SourceDate "2020.10.23"]
[SourceVersion "1"]
[SourceVersionDate "2020.10.23"]
[SourceQuality "1"]
[WhiteTeam "Haunstetten"]
[BlackTeam "Rottal Inn"]
[WhiteTeamCountry "GER"]
[BlackTeamCountry "GER"]

1. e4 c5 2. Nf3 Nc6 3. Bb5 e6 4. 0-0 Nge7 5. Re1 a6 6. Bf1 d5 7. exd5 Nxd5 8. d4 Nf6 9. Be3 cxd4 10. Nxd4 Bd7 11. Nf5 Qa5 12. Ng3 Be7 13. Nd2 Nd5 14. Nc4 Nxe3 15. Rxe3 Qc7 16. Ne4 0-0 17. Qh5 b5 18. Rh3 h6 19. Ne3 Qe5 20. Qd1 Rfd8 21. Bd3 f5 22. Nd2 Qxb2 23. Rb1 Qf6 24. Qh5 Ne5 25. Re1 Nxd3 26. cxd3 Bc6 27. Qe2 Rac8 28. Nb3 Bb4 29. Rd1 e5 30. Qh5 Rf8 31. d4 e4 32. d5 Bd7 33. Nd4 Bc5 34. Ne2 Be8 35. Qh4 Qxh4 36. Rxh4 Be7 37. Rf4 Bd7 38. Ng3 g6 39. d6 Bg5 40. Ne2 Bxf4 41. Nxf4 Kf7 42. Nfd5 Be6 43. Nc7 Rfd8 44. g3 Rxc7 45. dxc7 Rxd1+ 46. Nxd1 Ke7 47. a3 Kd7 48. Kf1 Kxc7 49. Ke2 Kd6 50. Ke3 Ke5 51. h4 g5 52. hxg5 hxg5 53. Nc3 Bc4 54. Nd1 a5 55. Nb2 f4+ 56. gxf4+ gxf4+ 57. Kd2 Kd4 58. Nd1 Bb3 59. Nb2 Ba4 60. Kc1 Kc3 61. Kb1 e3 0-1

[Event "Landesliga Sued 1819"]
[Site "Bayern"]
[Date "2019.03.24"]
[Round "8.7"]
[White "Moser, Wolfgang"]
[Black "Petzelberger, Ferdinand"]
[Result "1-0"]
[WhiteElo "2016"]
[BlackElo "2084"]
[PlyCount "111"]
[EventDate "2018.10.21"]
[EventType "team-tourn"]
[EventRounds "9"]
[EventCountry "GER"]
[SourceTitle "EXT 2022"]
[Source "ChessBase"]
[SourceDate "2021.10.06"]
[SourceVersion "1"]
[SourceVersionDate "2021.10.06"]
[SourceQuality "1"]
[WhiteTeam "Trostberg TSV"]
[BlackTeam "Haunstetten TSV"]
[WhiteTeamCountry "GER"]
[BlackTeamCountry "GER"]

1. d4 Nf6 2. c4 g6 3. Nc3 d5 4. cxd5 Nxd5 5. e4 Nxc3 6. bxc3 Bg7 7. Bc4 c5 8. Ne2 0-0 9. 0-0 Nc6 10. Be3 Qc7 11. Rc1 Rd8 12. Qc2 Na5 13. Bb3 b6 14. Bd5 Bb7 15. Bxb7 Qxb7 16. Rfd1 Nc4 17. Bf4 cxd4 18. cxd4 Rac8 19. Qb1 h6 20. f3 e5 21. dxe5 Nxe5 22. Rxc8 Qxc8 23. Be3 Rxd1+ 24. Qxd1 Qc4 25. Nc1 Qc3 26. Qd2 Qxd2 27. Bxd2 Nc4 28. Nb3 Nxd2 29. Nxd2 Kf8 30. Kf2 Ke7 31. Ke3 Kd6 32. Kd3 Kc5 33. f4 b5 34. e5 Kb4 35. Kc2 Ka3 36. Kb1 a5 37. Ne4 Kb4 38. Nd6 g5 39. g3 Kc5 40. Nxf7 Kd5 41. Nd6 b4 42. Kc2 Bf8 43. Kb3 h5 44. Nf7 gxf4 45. gxf4 Ke4 46. Nd8 Kd5 47. Ka4 Be7 48. Nb7 Ke4 49. Nxa5 Kxf4 50. Nc6 Bc5 51. e6 h4 52. e7 Bxe7 53. Nxe7 Kg4 54. Kxb4 h3 55. a4 Kf3 56. Ng6 1-0

[Event "Landesliga Sued 1819"]
[Site "Bayern"]
[Date "2018.11.11"]
[Round "2.6"]
[White "Heuser, Philip"]
[Black "Petzelberger, Ferdinand"]
[Result "1-0"]
[WhiteElo "2048"]
[BlackElo "2084"]
[PlyCount "91"]
[EventDate "2018.10.21"]
[EventType "team-tourn"]
[EventRounds "9"]
[EventCountry "GER"]
[SourceTitle "EXT 2022"]
[Source "ChessBase"]
[SourceDate "2021.10.06"]
[SourceVersion "1"]
[SourceVersionDate "2021.10.06"]
[SourceQuality "1"]
[WhiteTeam "Muenchen SC II"]
[BlackTeam "Haunstetten TSV"]
[WhiteTeamCountry "GER"]
[BlackTeamCountry "GER"]

1. d4 Nf6 2. c4 g6 3. Nc3 d5 4. Nf3 Bg7 5. Bg5 Ne4 6. cxd5 Nxg5 7. Nxg5 e6 8. Qa4+ Kf8 9. Nf3 exd5 10. e3 c6 11. b4 Bg4 12. b5 Bxf3 13. gxf3 Qd6 14. Be2 Nd7 15. bxc6 bxc6 16. 0-0 Nb6 17. Qa6 Bf6 18. Rac1 Kg7 19. Na4 Bd8 20. Rc5 Bc7 21. f4 g5 22. Rfc1 gxf4 23. Rxc6 Qb4 24. Rxc7 Qxa4 25. Qxa4 Nxa4 26. Bh5 fxe3 27. fxe3 Rhe8 28. Bxf7 Kh6 29. Bxe8 Rxe8 30. Rxa7 Nb2 31. Rc6+ Kg5 32. Rc5 Rxe3 33. Rxd5+ Kg4 34. Rg7+ Kf4 35. Rf7+ Kg4 36. Re5 Rc3 37. Rg7+ Kf4 38. Rf7+ Kg4 39. Re4+ Kg5 40. Rxh7 Nd3 41. Rf7 Rc1+ 42. Rf1 Rc2 43. Re3 Nc1 44. Rf2 Rc4 45. Rg3+ Kh4 46. Rd2 1-0

[Event "Wuerttemberg-ch KT"]
[Site "Stuttgart"]
[Date "2015.09.04"]
[Round "7"]
[White "Pflaum, Stefan"]
[Black "Petzelberger, Ferdinand"]
[Result "0-1"]
[WhiteElo "2064"]
[BlackElo "1934"]
[PlyCount "104"]
[EventDate "2015.08.29"]
[EventType "swiss"]
[EventRounds "9"]
[EventCountry "GER"]
[SourceTitle "EXT 2017"]
[Source "ChessBase"]
[SourceDate "2016.10.25"]
[SourceVersion "1"]
[SourceVersionDate "2016.10.25"]
[SourceQuality "1"]

1. d4 Nf6 2. c4 g6 3. Nc3 d5 4. Bf4 Bg7 5. e3 0-0 6. Rc1 c5 7. dxc5 Qa5 8. cxd5 Ne4 9. Nge2 Nxc5 10. a3 Ne4 11. Qa4 Qxa4 12. Nxa4 Nd7 13. f3 Nd6 14. Nec3 a6 15. b4 b5 16. Nc5 Nb6 17. e4 f5 18. Bg5 Ra7 19. Bd3 fxe4 20. fxe4 Nbc4 21. Bxc4 Nxc4 22. Rf1 Nxa3 23. Rxf8+ Kxf8 24. Be3 Ra8 25. Ke2 Bg4+ 26. Kd3 Nc4 27. Bf4 Kg8 28. h3 Rf8 29. Bg3 Bc8 30. Re1 Bxh3 31. Nxa6 Bxc3 32. Kxc3 Bxg2 33. Kd4 Rf3 34. Bb8 Bh3 35. Kc5 Bd7 36. Nc7 Rf8 37. Ba7 Rc8 38. Bb6 Rb8 39. Ba5 Rc8 40. Bb6 Rb8 41. Ba5 Ne5 42. Re3 h5 43. Kd4 Nc4 44. Rg3 Kg7 45. e5 h4 46. Rg1 Bf5 47. e6 h3 48. Na6 Rh8 49. Bc7 h2 50. Rh1 Nd6 51. Nc5 Kf6 52. Nb7 Rh4+ 0-1

[Event "Stuttgart-chB int"]
[Site "Ditzingen"]
[Date "2014.05.31"]
[Round "7"]
[White "Schreiber, Stephan"]
[Black "Petzelberger, Ferdinand"]
[Result "1/2-1/2"]
[WhiteElo "1779"]
[BlackElo "1591"]
[PlyCount "43"]
[EventDate "2014.05.29"]
[EventType "swiss"]
[EventRounds "7"]
[EventCountry "GER"]
[SourceTitle "EXT 2015"]
[Source "ChessBase"]
[SourceDate "2014.11.20"]
[SourceVersion "1"]
[SourceVersionDate "2014.11.20"]
[SourceQuality "1"]

1. d4 Nf6 2. Bf4 d5 3. e3 c5 4. c3 Qb6 5. Qb3 c4 6. Qxb6 axb6 7. Be2 Nc6 8. Nf3 Bf5 9. Nbd2 b5 10. Ne5 e6 11. Nxc6 bxc6 12. 0-0 b4 13. cxb4 Bxb4 14. Nf3 0-0 15. Ne5 Rfc8 16. g4 Bg6 17. h4 Bc2 18. Rfc1 Ba4 19. b3 cxb3 20. axb3 Bb5 21. Rxa8 Rxa8 22. Bxb5 1/2-1/2